000
00308nam a22001457a 4500
020
_a
81-7180-633-3
082
_a
894.812-3
_b
SWA/E
100
_a
SWAROOP
245
_a
EZHTHAPPURANGAL
260
_a
CALICUT
_b
POORNA PUBLICATIONS
_c
1999
300
_a
142
520
_a
POETRY
650
_a
POETRY
942
_c
BK
999
_c
4386
_d
4386